| 000 | 01190nam a22001937a 4500 | ||
|---|---|---|---|
| 005 | 20260115094325.0 | ||
| 008 | 230605b ||||| |||| 00| 0 eng d | ||
| 040 |
_cSSBUL _dSSBUL |
||
| 082 |
_223 _a၂၉၄.၃၄၄၃၅ _bခေ |
||
| 100 |
_aခေမာနန္ဒ၊ _cအရှင်၊ _g(ရန်ကင်းတောရ)သပြေပင်။ _924649 |
||
| 245 | 1 | 0 |
_aတရားအားထုတ်သူအဆင့်ဝိပဿနာသင်ပုန်းကြီးဖတ်စာ ၊ _nဒုတိယပိုင်း / _cအရှင်ခေမာနန္ဒ(ရန်ကင်းတောရ)သပြေပင်။ |
| 250 | _aတတိယအကြိမ်။ | ||
| 260 |
_aရန်ကုန် ၊ _bသစ္စာမဏ္ဍိုင်စာပေ၊ _c၂၀၁၄။ |
||
| 300 |
_aဇ၊ ၆၅ စာမျက်နှာ ၊ _c၂၁ စင်တီ။ |
||
| 440 |
_aရန်ကင်းတောင်စာစဉ်၊ _v၁၄။ _924623 |
||
| 500 | _aS-KN: Ashin Khemānanda | ||
| 650 |
_aဗုဒ္ဓဘာသာ _xဝိပဿနာ။ _924652 |
||
| 942 |
_2ddc _cBK _e23 _h၂၉၄.၃၄၄၃၅ _kခေ |
||
| 999 |
_c25222 _d25222 |
||